Retrouvez les 30 pays les plus peuplées du monde - Statistiques

Statistiques générales
  • Ce quiz a été pris 147 fois
  • Le résultat moyen est 22 sur 30
Statistiques - réponses
Rang Pays Population (en 2019) % Correct
1 Chine 1 448 471 000
98%
3 Etats-unis 334 805 000
98%
22 France 65 585 000
98%
9 Russie 145 806 000
97%
19 Allemagne 83 884 000
96%
2 Inde 1 406 632 000
96%
7 Brésil 215 354 000
95%
11 Japon 125 585 000
93%
10 Mexique 131 563 000
91%
24 Afrique du Sud 60 756 000
88%
25 Italie 60 263 000
85%
21 Royaume-Uni 68 498 000
83%
4 Indonésie 279 135 000
82%
18 Turquie 85 562 000
82%
6 Nigeria 216 747 000
79%
5 Pakistan 229 489 000
77%
14 Égypte 106 157 000
76%
29 Corée du Sud 51 330 000
75%
16 République démocratique du Congo 95 241 000
71%
15 Viêt Nam 98 954 000
71%
8 Bangladesh 167 886 000
70%
17 Iran 86 023 000
70%
20 Thaillande 70 078 000
68%
13 Philippines 112 509 000
62%
28 Colombie 51 513 000
60%
23 Tanzanie 63 299 000
50%
26 Kenya 56 215 000
43%
27 Birmanie 55 227 000
37%
30 Ouganda 48 433 000
25%
12 Ethopie 120 813 000
4%
Aucun quiz correspondant
Distribution des résultats
% des personnes avec chaque résultat
Percentile par nombre de réponses
Votre historique - résultats
Vous n’avez pas pris ce quiz